000 00500nam a2200205Ia 4500
005 20250317010714.0
008 240331s9999 xx 000 0 und d
020 _a0415067502
082 _a301
_bBAU
_23890
100 _aBauman, Z
245 0 _aIntimations of Postmodernity
260 _aLondon;
_aNew York,
_bRoutledge
_c1992
300 _axxviii, 232 p.,
650 _aPostmodernism
650 _aIdeology
650 _aPhilosophy
650 _aSociology
650 _aCommunism
942 _cL
999 _c1014
_d1014